| 000 | 00655cam a22002173a 4500 | ||
|---|---|---|---|
| 001 | 34438 | ||
| 003 | PGUSA | ||
| 005 | 20140828083737.0 | ||
| 008 | 101125s2010||||xxu|||||s|||||000 | eng d | ||
| 040 |
_aPGUSA _beng |
||
| 042 | _adc | ||
| 100 | 1 |
_aByrum, Isabel C. _q(Isabel Coston), _d1870-1938 |
|
| 245 | 1 | 4 |
_aThe Troubles of Biddy : _bA Pretty Little Story _h[electronic resource] / _cIsabel C. Byrum |
| 260 |
_bProject Gutenberg, _c2010 |
||
| 506 | _aPublic domain in the USA. | ||
| 516 | _aElectronic text | ||
| 700 | 1 | _aPrice, Margaret Evans | |
| 830 | 0 |
_aProject Gutenberg _v34438 |
|
| 856 | 4 | 0 | _uhttp://www.gutenberg.org/ebooks/34438 |
| 942 | _cEB | ||
| 999 |
_c263693 _d263693 |
||